Statistiche per Monumenti e luoghi di interesse - Veneto

Clicka qui per fare il quiz!

Statistiche generali

  • Questo quiz è stato fatto 53 volte
  • Il punteggio medio è 10 su 20

Statistiche sulle risposte

Risposta% Corretto
Arena di Verona
96%
Ponte di Rialto (Venezia)
81%
Burano
79%
Basilica di San Marco (Venezia)
77%
Balcone di Giulietta (Verona)
71%
Cappella degli Scrovegni (Padova)
63%
Dolomiti
58%
Basilica di Sant'Antonio di Padova
56%
Piazza delle Erbe (Verona)
54%
Palazzo Ducale (Venezia)
52%
Teatro La Fenice (Venezia)
52%
Murano
50%
Prato della Valle (Padova)
50%
Bassano del Grappa
44%
Cittadella
42%
Delta del Po
31%
Orto Botanico di Padova
23%
Basilica Palladiana (Vicenza)
19%
Montagnana
13%
Peschiera del Garda
10%

Distribuzione punteggi

Percentile per numero di risposta

Percentuale di utenti per punteggio

I tuoi punteggi nel tempo

Non hai fatto questo quiz